[Event "POL-chT3 Dolnoslaskie 1718"]
[Site "Poland"]
[Date "2018.03.04"]
[Round "9.27"]
[White "Pankiewicz, Tomasz"]
[Black "Piotrowski, Przemyslaw"]
[Result "1-0"]
[WhiteElo "2225"]
[BlackElo "2305"]
[PlyCount "129"]
[EventDate "2017.10.08"]
[EventType "team-tourn"]
[EventRounds "11"]
[EventCountry "POL"]
[SourceTitle "EXT 2019"]
[Source "ChessBase"]
[SourceDate "2018.10.10"]
[SourceVersion "1"]
[SourceVersionDate "2018.10.10"]
[SourceQuality "1"]

1. e4 c5 2. Nf3 Nc6 3. c3 Nf6 4. e5 Nd5 5. d4 cxd4 6. Bc4 Nb6 7. Bb3 d5 8. exd6 Qxd6 9. 0-0 Bf5 10. Nxd4 Nxd4 11. cxd4 e6 12. Nc3 Be7 13. Qf3 0-0 14. d5 Rad8 15. Be3 Qb8 16. Rad1 Bd6 17. h3 Kh8 18. Rfe1 Nd7 19. Nb5 Bb4 20. Bxa7 Qa8 21. Re3 b6 22. dxe6 Qxf3 23. Rxf3 fxe6 24. g4 Ne5 25. Re3 Rxd1+ 26. Bxd1 Nc4 27. Rb3 Bc5 28. gxf5 Rxf5 29. Rf3 Rg5+ 30. Kh1 Ne5 31. Rc3 h5 32. Rxc5 bxc5 33. f4 Rf5 34. Bb8 Rxf4 35. Bxe5 Rf1+ 36. Kg2 Rxd1 37. a4 c4 38. Bc3 Kg8 39. a5 Ra1 40. Na3 Rd1 41. Nxc4 Rd7 42. Ne5 Rc7 43. Bd4 Rc2+ 44. Kg3 h4+ 45. Kxh4 Re2 46. Kg3 Re4 47. Nc6 e5 48. Bxe5 Rc4 49. Nb8 Rc5 50. Bc3 Rc8 51. Nd7 Kf7 52. Nb6 Rc7 53. Nd5 Rd7 54. Nf4 Rc7 55. h4 Rc6 56. h5 Rc7 57. Kg4 Rc6 58. Ng6 Rc7 59. Kg5 Kg8 60. Ne5 Kh7 61. Bd4 g6 62. hxg6+ Kg8 63. a6 Rc8 64. a7 Rf8 65. b4 1-0

[Event "POL-chT3 Dolnoslaskie 1617"]
[Site "Poland"]
[Date "2017.02.05"]
[Round "7.27"]
[White "Pankiewicz, Tomasz"]
[Black "Antkowiak, Grzegorz"]
[Result "1-0"]
[WhiteElo "2240"]
[BlackElo "2171"]
[PlyCount "101"]
[EventDate "2016.10.16"]
[EventType "team-tourn"]
[EventRounds "11"]
[EventCountry "POL"]
[SourceTitle "EXT 2018"]
[Source "ChessBase"]
[SourceDate "2017.10.13"]
[SourceVersion "1"]
[SourceVersionDate "2017.10.13"]
[SourceQuality "1"]

1. d4 Nf6 2. Nf3 d5 3. c4 e6 4. Nc3 Be7 5. Bg5 h6 6. Bh4 0-0 7. e3 b6 8. Qb3 Bb7 9. Bxf6 Bxf6 10. cxd5 exd5 11. Be2 c6 12. 0-0 Nd7 13. a4 Re8 14. a5 Nf8 15. axb6 axb6 16. Rxa8 Bxa8 17. Ra1 Qb8 18. Qa2 Be7 19. Qa7 Bd6 20. Ra6 Bc7 21. Na4 Qxa7 22. Rxa7 Ne6 23. Ne5 b5 24. Nc3 b4 25. Na4 c5 26. Bb5 Rb8 27. Nd7 Rxb5 28. Rxa8+ Kh7 29. Naxc5 Kg6 30. Ra6 Kf5 31. Nxe6 fxe6 32. Nc5 Bb6 33. Nd7 Bd8 34. f3 Rb7 35. e4+ dxe4 36. fxe4+ Kf4 37. Nc5 Rb6 38. Ra7 Ke3 39. Rd7 Rb8 40. Nxe6 Ra8 41. g3 Ra1+ 42. Kg2 Bb6 43. Rb7 Ba5 44. Rb5 Ra2 45. Kh3 Kxe4 46. b3 g5 47. Kg4 Kd3 48. d5 Kc3 49. d6 Rd2 50. Nc5 Rd4+ 51. Kf5 1-0

[Event "POL-chT 2nd League"]
[Site "Szczyrk"]
[Date "2014.09.13"]
[Round "8.5"]
[White "Pankiewicz, Tomasz"]
[Black "Stepien, Marcin"]
[Result "0-1"]
[WhiteElo "2268"]
[BlackElo "2150"]
[PlyCount "142"]
[EventDate "2014.09.06"]
[EventType "team-swiss"]
[EventRounds "9"]
[EventCountry "POL"]
[SourceTitle "EXT 2015"]
[Source "ChessBase"]
[SourceDate "2014.11.20"]
[SourceVersion "1"]
[SourceVersionDate "2014.11.20"]
[SourceQuality "1"]
[WhiteTeam "Pegow Wieza"]
[BlackTeam "Wisznia Mala OKSiR"]
[WhiteTeamCountry "POL"]
[BlackTeamCountry "POL"]

1. e4 Nf6 2. e5 Nd5 3. c4 Nb6 4. d4 d6 5. exd6 cxd6 6. Be3 g6 7. Nc3 Bg7 8. Qd2 0-0 9. Rc1 Nc6 10. d5 Ne5 11. b3 Ng4 12. Bf4 Nd7 13. h3 Ngf6 14. Bd3 Nc5 15. Nge2 Qa5 16. 0-0 a6 17. Bb1 Bd7 18. Nd4 Nfe4 19. Bxe4 Nxe4 20. Nxe4 Qxd2 21. Nxd2 Bxd4 22. Bg5 f6 23. Be3 Bxe3 24. fxe3 Rfc8 25. b4 a5 26. b5 b6 27. a4 Rc7 28. Rf4 Rac8 29. Kf2 Be8 30. g4 Bf7 31. Rd4 Rc5 32. e4 R5c7 33. Ke3 Kg7 34. Rd3 Rh8 35. Nf3 Re8 36. Kf4 Rec8 37. Nd2 Bg8 38. Rdc3 Bf7 39. h4 Bg8 40. Rd3 Bf7 41. g5 h6 42. gxh6+ Kxh6 43. Rg3 Rh8 44. Rd3 Kg7 45. Kg3 Rhc8 46. Kg4 Be8 47. Kg3 Bd7 48. Rdc3 Rh8 49. Nf3 Rh5 50. R3c2 Rc8 51. Rg1 Kf7 52. Kf4 Rch8 53. Rcg2 R5h6 54. Kg3 Rg8 55. Rh2 Rc8 56. Rc1 Rch8 57. Rcc2 Rh5 58. Rcd2 Rc8 59. Rc2 Rhh8 60. Kf4 Rc7 61. Rc1 Rhc8 62. Rhc2 Rc5 63. Nd4 e5+ 64. dxe6+ Bxe6 65. Nc6 Bd7 66. Nd4 Be6 67. Nc6 Rh8 68. Kg3 Rch5 69. Rd2 Rxh4 70. Rxd6 Rh3+ 71. Kf2 Rh2+ 0-1

[Event "POL-chT 2nd League"]
[Site "Szczyrk"]
[Date "2014.09.08"]
[Round "3.11"]
[White "Pankiewicz, Tomasz"]
[Black "Dudys, Jakub"]
[Result "1/2-1/2"]
[WhiteElo "2268"]
[BlackElo "2144"]
[PlyCount "101"]
[EventDate "2014.09.06"]
[EventType "team-swiss"]
[EventRounds "9"]
[EventCountry "POL"]
[SourceTitle "EXT 2015"]
[Source "ChessBase"]
[SourceDate "2014.11.20"]
[SourceVersion "1"]
[SourceVersionDate "2014.11.20"]
[SourceQuality "1"]
[WhiteTeam "Pegow Wieza"]
[BlackTeam "Gliwice Politechnika Slaska"]
[WhiteTeamCountry "POL"]
[BlackTeamCountry "POL"]

1. d4 Nf6 2. c4 e6 3. Nc3 Bb4 4. e3 0-0 5. Nge2 d5 6. a3 Be7 7. Nf4 c6 8. cxd5 Nxd5 9. Nfxd5 cxd5 10. Bd3 Nd7 11. Bd2 Nf6 12. 0-0 Bd7 13. f4 Qb6 14. Rb1 Rac8 15. Be1 Ne8 16. f5 Bg5 17. Bf2 exf5 18. Nxd5 Qh6 19. e4 Bc6 20. Nc3 Nf6 21. d5 fxe4 22. Bxe4 Nxe4 23. Nxe4 Rcd8 24. Nc3 b6 25. Qf3 Bb7 26. Rbd1 Bf4 27. Bg3 Bd2 28. Bf4 Bxf4 29. Qxf4 Qxf4 30. Rxf4 Rd6 31. Rc4 Rfd8 32. Rc7 R6d7 33. Rxd7 Rxd7 34. Kf2 Re7 35. Re1 Rxe1 36. Kxe1 f5 37. Kf2 Kf7 38. Ke3 Kf6 39. Kd4 Ba6 40. h4 Bf1 41. g3 g6 42. b4 h6 43. a4 g5 44. hxg5+ hxg5 45. a5 f4 46. gxf4 gxf4 47. axb6 axb6 48. Na4 b5 49. Nc5 f3 50. d6 Bc4 51. Ke3 1/2-1/2

[Event "POL-chT2"]
[Site "Poronin"]
[Date "2013.09.13"]
[Round "7.26"]
[White "Luch, Michal"]
[Black "Pankiewicz, Tomasz"]
[Result "1-0"]
[WhiteElo "2429"]
[BlackElo "2260"]
[PlyCount "127"]
[EventDate "2013.09.06"]
[EventType "team-swiss"]
[EventRounds "9"]
[EventCountry "POL"]
[SourceTitle "EXT 2015"]
[Source "ChessBase"]
[SourceDate "2014.11.20"]
[SourceVersion "1"]
[SourceVersionDate "2014.11.20"]
[SourceQuality "1"]
[WhiteTeam "Wisznia Mala OKSiR"]
[BlackTeam "Pegow Wieza"]
[WhiteTeamCountry "POL"]
[BlackTeamCountry "POL"]

1. f4 d6 2. Nf3 Bg4 3. e4 d5 4. h3 Bxf3 5. Qxf3 dxe4 6. Qxe4 c6 7. Bc4 Nf6 8. Qe2 g6 9. Nc3 Bg7 10. 0-0 Nbd7 11. d3 Nb6 12. Bb3 Nbd5 13. Nxd5 Nxd5 14. f5 Qd7 15. Bxd5 Bd4+ 16. Kh1 cxd5 17. Bg5 0-0 18. Qxe7 Qxe7 19. Bxe7 Rfe8 20. f6 Rac8 21. c3 Bc5 22. Rae1 Bxe7 23. Rxe7 Rxe7 24. fxe7 Re8 25. Re1 f5 26. d4 Kf7 27. Re5 Rxe7 28. Rxd5 Kf6 29. Kh2 Re2 30. Rb5 b6 31. Kg3 Kg5 32. Kf3 Rd2 33. a4 Rd3+ 34. Ke2 Rg3 35. Kf2 Rd3 36. a5 bxa5 37. Rxa5 Kf4 38. Re5 h5 39. h4 a5 40. Re6 Rd2+ 41. Re2 Rd1 42. g3+ Kg4 43. Re6 Rd2+ 44. Ke3 Rxb2 45. Rxg6+ Kh3 46. d5 a4 47. Ra6 Kxg3 48. Rxa4 Rb3 49. Rc4 f4+ 50. Rxf4 Rxc3+ 51. Kd4 Rc8 52. Re4 Kf3 53. Re3+ Kg4 54. Re4+ Kf3 55. Kd3 Ra8 56. Rc4 Rd8 57. Rd4 Rd6 58. Kc4 Ke3 59. Kc5 Rd8 60. Rb4 Rc8+ 61. Kd6 Rc1 62. Ke7 Rd1 63. d6 Kf3 64. Rc4 1-0

[Event "POL-chT2"]
[Site "Poronin"]
[Date "2013.09.10"]
[Round "4.20"]
[White "Pankiewicz, Tomasz"]
[Black "Chojnacki, Krzysztof"]
[Result "1/2-1/2"]
[WhiteElo "2260"]
[BlackElo "2399"]
[PlyCount "80"]
[EventDate "2013.09.06"]
[EventType "team-swiss"]
[EventRounds "9"]
[EventCountry "POL"]
[SourceTitle "EXT 2015"]
[Source "ChessBase"]
[SourceDate "2014.11.20"]
[SourceVersion "1"]
[SourceVersionDate "2014.11.20"]
[SourceQuality "1"]
[WhiteTeam "Pegow Wieza"]
[BlackTeam "Gniezno LKS Chrobry"]
[WhiteTeamCountry "POL"]
[BlackTeamCountry "POL"]

1. e4 e5 2. Nf3 Nc6 3. Nc3 Nf6 4. d4 exd4 5. Nxd4 Bb4 6. Nxc6 bxc6 7. Bd3 d5 8. exd5 cxd5 9. 0-0 0-0 10. h3 Be6 11. Qf3 Rb8 12. Bf4 Bd6 13. b3 Bxf4 14. Qxf4 c5 15. Ne2 Rb4 16. Qf3 Qc7 17. c3 Rb6 18. Qg3 Qxg3 19. fxg3 a5 20. Rf4 Nd7 21. Bc2 Ra8 22. Rd1 a4 23. b4 g5 24. Rf2 cxb4 25. cxb4 Rxb4 26. Nd4 a3 27. Nc6 Rb2 28. Bb3 Rxf2 29. Kxf2 Nf6 30. g4 Kg7 31. Nb4 Rb8 32. Nc2 Ra8 33. Rd4 Ra5 34. Ke3 Ne4 35. Ra4 Rxa4 36. Bxa4 Nc3 37. Bb3 Nxa2 38. Bxa2 d4+ 39. Kxd4 Bxa2 40. Nxa3 Kf6 1/2-1/2

[Event "POL-chT2"]
[Site "Poronin"]
[Date "2013.09.08"]
[Round "2.44"]
[White "Pankiewicz, Tomasz"]
[Black "Warszawski, Bartosz"]
[Result "1/2-1/2"]
[WhiteElo "2260"]
[BlackElo "2254"]
[PlyCount "75"]
[EventDate "2013.09.06"]
[EventType "team-swiss"]
[EventRounds "9"]
[EventCountry "POL"]
[SourceTitle "EXT 2015"]
[Source "ChessBase"]
[SourceDate "2014.11.20"]
[SourceVersion "1"]
[SourceVersionDate "2014.11.20"]
[SourceQuality "1"]
[WhiteTeam "Pegow Wieza"]
[BlackTeam "Warszawa YMCA"]
[WhiteTeamCountry "POL"]
[BlackTeamCountry "POL"]

1. e4 c5 2. c3 d5 3. exd5 Qxd5 4. d4 cxd4 5. cxd4 Nc6 6. Nf3 e5 7. Nc3 Bb4 8. Bd2 Bxc3 9. Bxc3 e4 10. Ne5 Nxe5 11. dxe5 Ne7 12. Qe2 0-0 13. Rd1 Qc6 14. Rd6 Qa4 15. b3 Qa3 16. Qd2 a5 17. Bc4 Nf5 18. Rd8 Be6 19. Rxa8 Rxa8 20. Bxe6 fxe6 21. 0-0 Qc5 22. Qd7 Qd5 23. Rd1 Qxd7 24. Rxd7 Rc8 25. Be1 b5 26. Kf1 b4 27. f3 exf3 28. gxf3 Rc5 29. f4 Ne3+ 30. Ke2 Nd5 31. Bd2 g6 32. Kd3 h5 33. Ra7 Kf8 34. Ra8+ Kf7 35. Ra7+ Kf8 36. Ra8+ Kf7 37. Ra7+ Kf8 38. Ra8+ 1/2-1/2

[Event "RM-2013-0-00120"]
[Site "LSS email"]
[Date "2013.05.20"]
[Round "?"]
[White "Pankiewicz, Tomasz"]
[Black "Kolanek, Roman"]
[Result "1-0"]
[WhiteElo "2067"]
[BlackElo "1942"]
[PlyCount "119"]
[EventDate "2013.03.29"]
[EventType "tourn (corr)"]
[EventRounds "6"]
[EventCountry "GER"]
[SourceTitle "Telechess CBM 161"]
[Source "ChessBase"]
[SourceDate "2014.07.16"]
[SourceVersion "1"]
[SourceVersionDate "2014.07.16"]
[SourceQuality "1"]

1. d4 d5 2. c4 c6 3. Nf3 Nf6 4. Nc3 e6 5. Bg5 Nbd7 6. e3 Qa5 7. cxd5 exd5 8. Nd2 Bd6 9. Bd3 0-0 10. Qc2 h6 11. Bh4 Nh5 12. 0-0-0 Nhf6 13. Kb1 Re8 14. g4 Nxg4 15. e4 Be7 16. Bxe7 Rxe7 17. exd5 cxd5 18. Nb3 Qd8 19. Nxd5 Re6 20. Rhg1 Ndf6 21. Nc3 Nxh2 22. Rg3 Re7 23. f3 Nxf3 24. Rxf3 Bg4 25. Rxf6 Bxd1 26. Qxd1 gxf6 27. Qg4+ Kf8 28. Qh4 h5 29. Qxh5 Re1+ 30. Kc2 Rg1 31. Bc4 Qc7 32. Qh8+ Rg8 33. Qh6+ Rg7 34. Nc5 Rd8 35. Qh8+ Rg8 36. Ne6+ fxe6 37. Qxf6+ Qf7 38. Qxd8+ Kg7 39. Qd6 Rc8 40. Bxe6 Qf2+ 41. Kb3 Rc6 42. Qe5+ Qf6 43. Qg3+ Qg6 44. Qxg6+ Kxg6 45. d5 Rb6+ 46. Kc4 Rxb2 47. d6 Kf6 48. Bd5 b5+ 49. Nxb5 Rxa2 50. Kc5 Rc2+ 51. Bc4 Rg2 52. Nxa7 Rg5+ 53. Kc6 Rh5 54. d7 Rh8 55. Kd6 Kf5 56. Ke7 Kg6 57. Bf7+ Kf5 58. Nc6 Kg4 59. Ne5+ Kf5 60. Be8 1-0

[Event "BI-2013-P-00012"]
[Site "LSS email"]
[Date "2013.04.22"]
[Round "?"]
[White "Pankiewicz, Tomasz"]
[Black "Zimmermann, Matthias"]
[Result "0-1"]
[WhiteElo "2067"]
[BlackElo "1332"]
[PlyCount "40"]
[EventDate "2013.04.25"]
[EventType "tourn (corr)"]
[EventRounds "12"]
[EventCountry "GER"]
[SourceTitle "Telechess CBM 163"]
[Source "ChessBase"]
[SourceDate "2014.11.11"]
[SourceVersion "2"]
[SourceVersionDate "2014.11.11"]
[SourceQuality "1"]

1. d4 Nf6 2. c4 e6 3. Nc3 Bb4 4. e3 0-0 5. Bd3 d5 6. Nf3 c5 7. 0-0 cxd4 8. exd4 dxc4 9. Bxc4 b6 10. Bg5 Bb7 11. Rc1 Nc6 12. Re1 h6 13. Bh4 Rc8 14. Bd3 Bd6 15. Qd2 Nb4 16. Be2 Be7 17. h3 Nfd5 18. Bxe7 Qxe7 19. a3 Nxc3 20. bxc3 Nc6 0-1

[Event "SM-2013-0-00250"]
[Site "LSS email"]
[Date "2013.04.15"]
[Round "?"]
[White "Krzyzanowski, Wojciech Marcin"]
[Black "Pankiewicz, Tomasz"]
[Result "1-0"]
[WhiteElo "2251"]
[BlackElo "2068"]
[PlyCount "64"]
[EventDate "2013.03.25"]
[EventType "tourn (corr)"]
[EventRounds "6"]
[EventCountry "GER"]
[SourceTitle "Telechess CBM 167"]
[Source "ChessBase"]
[SourceDate "2015.07.13"]
[SourceVersion "1"]
[SourceVersionDate "2015.07.13"]
[SourceQuality "1"]

1. e4 e6 2. d4 d5 3. e5 c5 4. c3 Nc6 5. Nf3 Qb6 6. a3 Bd7 7. b4 cxd4 8. cxd4 Rc8 9. Bb2 Nge7 10. Nc3 Na5 11. Nd2 Nc4 12. Bxc4 dxc4 13. Nde4 Nd5 14. 0-0 Be7 15. Qg4 g6 16. a4 h5 17. Qe2 Bc6 18. b5 Nxc3 19. Nxc3 Bd5 20. Qd2 Qa5 21. Ba3 Bxa3 22. Rxa3 0-0 23. h3 Rfd8 24. Ra2 Kg7 25. Rc1 Rd7 26. Qf4 Qd8 27. a5 f5 28. Qe3 g5 29. a6 b6 30. Rac2 Ba8 31. Ne2 f4 32. Qd2 f3 1-0

[Event "RM-2013-0-00116"]
[Site "LSS email"]
[Date "2013.03.30"]
[Round "?"]
[White "Sherwood, Russell"]
[Black "Pankiewicz, Tomasz"]
[Result "1/2-1/2"]
[WhiteElo "2179"]
[BlackElo "2067"]
[PlyCount "64"]
[EventDate "2013.01.18"]
[EventType "tourn (corr)"]
[EventRounds "6"]
[EventCountry "GER"]
[SourceTitle "Telechess CBM 161"]
[Source "ChessBase"]
[SourceDate "2014.07.16"]
[SourceVersion "1"]
[SourceVersionDate "2014.07.16"]
[SourceQuality "1"]

1. e4 e6 2. d4 d5 3. Nc3 Nf6 4. e5 Nfd7 5. f4 c5 6. Nf3 Nc6 7. Be3 Be7 8. Qd2 0-0 9. Be2 b6 10. 0-0 Bb7 11. Rad1 Rc8 12. a3 a6 13. dxc5 bxc5 14. Na4 Qc7 15. b3 Rce8 16. Qd3 Rb8 17. Bf2 Rfd8 18. Qd2 Na7 19. b4 d4 20. c3 dxc3 21. Qxc3 Nb5 22. Bxb5 axb5 23. Nxc5 Bd5 24. Rc1 Ra8 25. Nxd7 Qxd7 26. Rfd1 Rdc8 27. Qe3 Rc4 28. Rxc4 bxc4 29. Rc1 h6 30. Rc3 Rd8 31. Nd4 Qb7 32. Nf3 Qd7 1/2-1/2

[Event "RM-2013-0-00115"]
[Site "LSS email"]
[Date "2013.03.01"]
[Round "?"]
[White "Pankiewicz, Tomasz"]
[Black "Novak, Joze"]
[Result "1-0"]
[WhiteElo "2067"]
[BlackElo "2283"]
[PlyCount "97"]
[EventDate "2013.01.17"]
[EventType "tourn (corr)"]
[EventRounds "6"]
[EventCountry "GER"]
[SourceTitle "Telechess CBM 161"]
[Source "ChessBase"]
[SourceDate "2014.07.16"]
[SourceVersion "1"]
[SourceVersionDate "2014.07.16"]
[SourceQuality "1"]

1. d4 d5 2. c4 c6 3. Nf3 Nf6 4. Nc3 e6 5. Bg5 h6 6. Bxf6 Qxf6 7. e3 g6 8. Bd3 Bg7 9. 0-0 0-0 10. Re1 Qe7 11. e4 dxe4 12. Nxe4 Rd8 13. c5 b6 14. Bc4 Ba6 15. Bxa6 Nxa6 16. Qe2 Nb8 17. Rac1 bxc5 18. Rxc5 Bxd4 19. Nxd4 Rxd4 20. Rc4 Rd5 21. Qe3 Kg7 22. Qc3+ f6 23. g4 e5 24. h4 Qd7 25. Qf3 Qe6 26. h5 Nd7 27. hxg6 Kxg6 28. Rec1 c5 29. b4 Rg8 30. bxc5 Rd4 31. Rxd4 exd4 32. Ng3 Ne5 33. Qe4+ Kg7 34. Nf5+ Kh8 35. Nxh6 Re8 36. f4 Nc6 37. Qxe6 Rxe6 38. Kf2 Nb4 39. Rd1 Na6 40. Nf7+ Kg7 41. Nd8 Re4 42. c6 Rxf4+ 43. Kg3 Re4 44. Rxd4 Rxd4 45. Ne6+ Kf7 46. Nxd4 Nc7 47. Kf3 Ke7 48. Nf5+ Kd8 49. Ke4 1-0

[Event "OP-2013-0-02645"]
[Site "LSS email"]
[Date "2013.02.14"]
[Round "?"]
[White "Eldridge, Mark"]
[Black "Pankiewicz, Tomasz"]
[Result "1-0"]
[WhiteElo "2305"]
[BlackElo "2067"]
[PlyCount "67"]
[EventDate "2013.02.12"]
[EventType "tourn (corr)"]
[EventRounds "4"]
[EventCountry "GER"]
[SourceTitle "Telechess CBM 161"]
[Source "ChessBase"]
[SourceDate "2014.07.16"]
[SourceVersion "1"]
[SourceVersionDate "2014.07.16"]
[SourceQuality "1"]

1. Nf3 f5 2. c4 Nf6 3. g3 g6 4. Bg2 Bg7 5. 0-0 0-0 6. d4 d6 7. Nc3 Qe8 8. Nd5 Nxd5 9. cxd5 Nd7 10. Ng5 Nb6 11. Qc2 h6 12. Ne6 Bxe6 13. dxe6 c6 14. e4 d5 15. exf5 Rxf5 16. Bf4 Bxd4 17. Bxh6 Nc4 18. h4 Kh7 19. Bg5 Qg8 20. Rad1 Qg7 21. b3 Nd6 22. Kh2 Re8 23. Rd3 Rff8 24. Qd2 Bb6 25. a4 a5 26. f3 Nf5 27. f4 Nd6 28. Rb1 Ra8 29. Bf3 Rh8 30. Rc1 Kg8 31. b4 axb4 32. Qxb4 Bd8 33. Qb3 Ra7 34. Qc2 1-0

[Event "CZE-chT1E 1011"]
[Site "Czech Republic"]
[Date "2011.03.20"]
[Round "10"]
[White "Pankiewicz, Tomasz"]
[Black "Michenka, Jozef"]
[Result "1/2-1/2"]
[WhiteElo "2254"]
[BlackElo "2365"]
[PlyCount "118"]
[EventDate "2010.10.10"]
[EventType "team-tourn"]
[EventRounds "11"]
[EventCountry "CZE"]
[SourceTitle "EXT 2012"]
[Source "ChessBase"]
[SourceDate "2011.11.24"]
[SourceVersion "1"]
[SourceVersionDate "2011.11.24"]
[SourceQuality "1"]
[WhiteTeam "Rychnov nad Kneznou"]
[BlackTeam "Karvina"]
[WhiteTeamCountry "CZE"]
[BlackTeamCountry "CZE"]

1. e4 c5 2. c3 Nf6 3. e5 Nd5 4. d4 cxd4 5. Nf3 Nc6 6. Bc4 Nb6 7. Bb3 d5 8. exd6 Qxd6 9. 0-0 Be6 10. Bxe6 Qxe6 11. Nxd4 Nxd4 12. Qxd4 Rd8 13. Qh4 h5 14. h3 Qc4 15. Qxc4 Nxc4 16. b3 Nd6 17. c4 g5 18. Bb2 Rg8 19. Na3 e6 20. Rad1 a6 21. Rd3 Ne4 22. Rxd8+ Kxd8 23. Nc2 Bc5 24. b4 Be7 25. Rd1+ Kc8 26. Kf1 g4 27. hxg4 Rxg4 28. f3 Ng3+ 29. Kf2 Rg8 30. Be5 Bh4 31. Bxg3 Bxg3+ 32. Kf1 Be5 33. Re1 Bf6 34. Rd1 Kc7 35. Rd3 Be7 36. a3 h4 37. Ne3 Rg5 38. Ng4 a5 39. c5 Rh5 40. Nf2 f5 41. Nh3 Rh6 42. Ke1 axb4 43. axb4 b6 44. Rc3 Bf6 45. Rc2 bxc5 46. Nf4 Be7 47. bxc5 Bg5 48. Nh3 Rg6 49. Nxg5 Rxg5 50. Kf2 Kc6 51. Rc4 Rh5 52. Kg1 e5 53. Kh2 Kd5 54. Rc1 Rh6 55. Kh3 e4 56. fxe4+ fxe4 57. Kg4 Rg6+ 58. Kxh4 Rc6 59. Kg3 Rxc5 1/2-1/2

[Event "POL Academic Cup 2nd"]
[Site "Wroclaw"]
[Date "2007.05.04"]
[Round "9"]
[White "Zeberski, Jakub"]
[Black "Pankiewicz, Tomasz"]
[Result "1-0"]
[WhiteElo "2438"]
[BlackElo "2244"]
[PlyCount "51"]
[EventDate "2007.04.28"]
[EventType "swiss"]
[EventRounds "9"]
[EventCountry "POL"]
[SourceTitle "EXT 2011"]
[Source "ChessBase"]
[SourceDate "2010.11.26"]
[SourceVersion "1"]
[SourceVersionDate "2010.11.26"]
[SourceQuality "1"]

1. e4 e5 2. Bc4 Nf6 3. d3 Bc5 4. Nf3 Nc6 5. c3 0-0 6. Nbd2 d6 7. h3 Be6 8. 0-0 Bxc4 9. Nxc4 h6 10. b4 Bb6 11. a4 a6 12. Nxb6 cxb6 13. Be3 Re8 14. b5 axb5 15. axb5 Na5 16. c4 Nd7 17. Ne1 Qc7 18. Qg4 Kh8 19. Ra3 Nf8 20. Nc2 Ne6 21. Nb4 Nc5 22. Nd5 Qd8 23. f4 f6 24. Qh5 exf4 25. Bxf4 Ne6 26. Bxh6 1-0

[Event "POL Academic Cup 2nd"]
[Site "Wroclaw"]
[Date "2007.05.01"]
[Round "5"]
[White "Pankiewicz, Tomasz"]
[Black "Rutkowski, Maciej"]
[Result "1/2-1/2"]
[WhiteElo "2244"]
[BlackElo "2347"]
[PlyCount "61"]
[EventDate "2007.04.28"]
[EventType "swiss"]
[EventRounds "9"]
[EventCountry "POL"]
[SourceTitle "EXT 2011"]
[Source "ChessBase"]
[SourceDate "2010.11.26"]
[SourceVersion "1"]
[SourceVersionDate "2010.11.26"]
[SourceQuality "1"]

1. d4 d5 2. Nf3 Nf6 3. c4 c6 4. Nc3 a6 5. cxd5 cxd5 6. Bf4 Nc6 7. e3 e6 8. Bd3 Be7 9. 0-0 Nh5 10. Be5 0-0 11. h3 Nxe5 12. Nxe5 g6 13. g4 Ng7 14. f4 f6 15. Nf3 b5 16. e4 b4 17. Na4 Bb7 18. e5 f5 19. Qd2 Qa5 20. b3 Bc6 21. Nb2 Qb6 22. Rfc1 Bd7 23. g5 Nh5 24. Kh2 Rfc8 25. Be2 Bb5 26. Bxb5 axb5 27. Nd3 Kf7 28. Rxc8 Rxc8 29. Rc1 Rc6 30. Rxc6 Qxc6 31. Nfe1 1/2-1/2

[Event "POL Academic Cup 2nd"]
[Site "Wroclaw"]
[Date "2007.04.30"]
[Round "4"]
[White "Drzymala, Grzegorz"]
[Black "Pankiewicz, Tomasz"]
[Result "0-1"]
[WhiteElo "2072"]
[BlackElo "2244"]
[PlyCount "86"]
[EventDate "2007.04.28"]
[EventType "swiss"]
[EventRounds "9"]
[EventCountry "POL"]
[SourceTitle "EXT 2011"]
[Source "ChessBase"]
[SourceDate "2010.11.26"]
[SourceVersion "1"]
[SourceVersionDate "2010.11.26"]
[SourceQuality "1"]

1. e4 e5 2. Nf3 Nc6 3. Bb5 a6 4. Ba4 Nf6 5. 0-0 Nxe4 6. d4 b5 7. Bb3 d5 8. dxe5 Be6 9. Nbd2 Be7 10. c3 Nc5 11. Bc2 0-0 12. Re1 d4 13. cxd4 Nxd4 14. Nxd4 Qxd4 15. Nf1 Qxd1 16. Rxd1 f6 17. exf6 Bxf6 18. Be3 Nd7 19. Bd4 c5 20. Bxf6 Nxf6 21. Rd6 Kf7 22. a4 Ke7 23. Rc6 Rfc8 24. axb5 Rxc6 25. bxc6 Kd6 26. Ba4 Rb8 27. Rd1+ Kc7 28. Re1 Kd6 29. Nd2 Bd5 30. Rd1 Rb4 31. Bc2 Kxc6 32. b3 Rd4 33. f3 Kb5 34. Kf2 Kb4 35. Ke2 Kc3 36. Bd3 Rxd3 37. Nb1+ Kc2 38. Rxd3 Kxb1 39. Rc3 Nd7 40. Kd2 a5 41. Re3 Nb6 42. Kc3 Bxb3 43. Kxb3 a4+ 0-1

[Event "POL Academic Cup 2nd"]
[Site "Wroclaw"]
[Date "2007.04.28"]
[Round "1"]
[White "Pankiewicz, Tomasz"]
[Black "Czapiewska, Izabela"]
[Result "1-0"]
[WhiteElo "2244"]
[BlackElo "1984"]
[PlyCount "77"]
[EventDate "2007.04.28"]
[EventType "swiss"]
[EventRounds "9"]
[EventCountry "POL"]
[SourceTitle "EXT 2011"]
[Source "ChessBase"]
[SourceDate "2010.11.26"]
[SourceVersion "1"]
[SourceVersionDate "2010.11.26"]
[SourceQuality "1"]

1. d4 Nf6 2. Nf3 e6 3. c4 b6 4. Nc3 Bb7 5. Bg5 Be7 6. e3 0-0 7. Bd3 h6 8. Bh4 d6 9. 0-0 Nbd7 10. Rc1 Re8 11. Nd2 e5 12. Bg3 exd4 13. exd4 Bf8 14. b4 g6 15. Qb3 Kg7 16. Be2 Nb8 17. Rfd1 Nc6 18. Nf1 Qc8 19. Ne3 Ne7 20. c5 dxc5 21. dxc5 bxc5 22. bxc5 Bc6 23. Qc2 Rb8 24. h3 Rd8 25. Rxd8 Qxd8 26. Rd1 Qc8 27. Bc4 Nf5 28. Nxf5+ Qxf5 29. Qxf5 gxf5 30. Bxc7 Rb4 31. Bd3 Bxc5 32. Bxf5 Rb2 33. Bg3 Bb4 34. Rc1 Be8 35. Nd5 Bd2 36. Rc5 Rxa2 37. Be5 Bg5 38. f4 Bh4 39. g3 1-0

[Event "POL-chT 2nd League"]
[Site "Lublin"]
[Date "2006.09.06"]
[Round "5.62"]
[White "Pankiewicz, Tomasz"]
[Black "Babik, Tomasz"]
[Result "0-1"]
[WhiteElo "2214"]
[BlackElo "2254"]
[PlyCount "74"]
[EventDate "2006.09.02"]
[EventType "team-swiss"]
[EventRounds "9"]
[EventCountry "POL"]
[SourceTitle "EXT 2019"]
[Source "ChessBase"]
[SourceDate "2018.10.10"]
[SourceVersion "1"]
[SourceVersionDate "2018.10.10"]
[SourceQuality "1"]
[WhiteTeam "Wroclaw AZS Politechnika"]
[BlackTeam "Miedzyborow Wrzos"]
[WhiteTeamCountry "POL"]
[BlackTeamCountry "POL"]

1. e4 c5 2. Nf3 Nc6 3. c3 Nf6 4. e5 Nd5 5. d4 cxd4 6. cxd4 d6 7. Bc4 Nb6 8. Bb3 dxe5 9. d5 Na5 10. Nc3 Nxb3 11. Qxb3 e6 12. Nxe5 exd5 13. Be3 Bd6 14. Qb5+ Kf8 15. Nf3 Be6 16. 0-0-0 Rc8 17. Kb1 Nc4 18. Bd4 a6 19. Qb3 b5 20. Ne2 Qd7 21. Rc1 f6 22. h3 Kf7 23. g4 b4 24. Ka1 a5 25. g5 a4 26. Qd1 Ne5 27. Rxc8 Rxc8 28. Ng3 Nxf3 29. Qxf3 Qc7 30. Rb1 Be5 31. Ne2 a3 32. gxf6 gxf6 33. Qe3 Bf5 34. Re1 axb2+ 35. Bxb2 Bxb2+ 36. Kxb2 Qc2+ 37. Ka1 Ra8 0-1